Countries That Visit the Czech Republic The Most - Statistics

General Stats
  • This quiz has been taken 64 times
  • The average score is 9 of 10
Answer Stats
Tourists Country % Correct
1,954,833 Germany
98%
578,465 Poland
97%
470,576 United Kingdom
97%
688,490 Slovakia
93%
292,420 Austria
92%
539,023 United States
92%
551,191 Russia
87%
491,648 China
84%
392,861 Italy
79%
417,438 South Korea
39%
No matching quizzes found
Score Distribution
Percent of People with Each Score
Percentile by Number Answered
Your Score History
You have not taken this quiz